Bovinos de leche

Guardado en:
Formato: Libro
Publicado: México : Trillas, 1983
Materias:
Etiquetas: Agregar Etiqueta
Sin Etiquetas, Sea el primero en etiquetar este registro!
LEADER 00683nam a22002175a 4500
001 CEM.cems015644
005 20151005153257.0
008 130507s1983##################000#0#####d
003 CEMS
020 |a 9682411327 
082 0 4 |a 636.21 
245 0 0 |a Bovinos de leche 
260 |a México :  |b Trillas,  |c 1983 
300 |a 110 p. 
505 0 |a Animal -- Razas de bovinos -- Construcciones -- Equipos -- Alimentación -- Reproducción -- Manejo -- Ordeñe y leche -- Enfermedades 
653 |a Bovinos 
653 |a Bovinos de leche 
653 |a Bovinos-razas lecheras 
653 |a Bovinos-ordeña 
653 |a Ganadería 
859 |a CEMS  |b BIB. CEMS - Agricultura  |h 636.21  |i B669  |p A16013.90  |t Ej.1